000 01239nam0a2200325 i 4500
001 RU\NLR\bibl\1913891
005 20260406015227.0
010 _a9785905398384
_9100
021 _aRU
_b2012-37763
_92798
035 _a(nilc)RSL-KNO-005444443
035 _a(NLR Aleph) 001903410
090 _a3078437
_c3078437
100 _a20120604d2012 u y0rusy50 ca
101 0 _arus
102 _aRU
105 _ay |||||||||
200 1 _aПоэма одиночества
_e[стихи]
_fКатя Селюк
210 _aНовокузнецк
_cСоюз писателей
_d2012
215 _a81, [2] с.
_d21
327 1 _aСодерж.: циклы: Сад мой; Каждый раз, когда гаснет свет...; NiveaSoft; Лицом - к стене и к выстрелу - спиной; Коррида; Поэма Одиночества
686 _aШ5(2=Р)75-65я44
_2rubbk
686 _aШ6(2=Р)8-5
700 1 _4070
_8rus
_7ca
_aСелюк
_bЕ. А.
_gЕкатерина Анатольевна
_3RU\NLR\auth\77120707
_9103632
801 0 _aRU
_bRuMoRKP
_c20120604
_grcr
801 1 _aRU
_bРГБ
_c20120604
801 2 _aRU
_bNLR
_c20120613
_grcr
942 _cBOOK
980 _aNBR